000 01003nam a22002777a 4500
001 BR7803024
003 BR-BrBNA
005 20230928085609.0
007 ta
008 230509b bl.||||| |||| 00| 0 por d
040 _aBR-BrBNA
_bpor
_cBiblioteca Nacional de Agricultura
041 _a(Por)
072 _aL73; L70
_b6000
_b4150
_b/G514
090 _ 6000 BR7803024
100 1 _aMontenegro Heredia, S.A.
110 1 _aUniversidade Federal de Minas Gerais, Belo Horizonte (Brasil). Escola de Veterinaria
_0Tese (Mestrado)
245 1 _aEstudo de vacinas lentogenicas (B1 e La Sota)contra a doenca de Newcastle, comercializadas no Brasil. Caracterizacao das amostras virais e avaliacao de qualidade das vacinas
260 3 _aBelo Horizonte, MG (Brasil):
_c1977.
300 _a91 p.
500 _a11 illus.; Bibliography p. 75-91 (98 ref.); Summaries (Eng, Por)
650 _aAve domestica
650 _aNewcastle
650 _aVacina
909 _a202309
_bLucia
_c55
_dLucia Elande
942 _cBK
999 _c25291
_d25291